000 00739nam a2200205Ii 4500
003 JO-AjNU
008 230605s9999||||xx |||||||||||||| ||und||
040 _aJO-AjNU
_bara
_erda
_cJO-AjNU
041 _aara
050 1 4 _aLB1025.3.K9712 2004
100 3 _a. مؤلف/نوفل،شيرين مترجمه/بني يونس،محمد مراجع Chris،Kyriacou,
_eauthor
_922392
245 0 0 _aمهارات التعليم الأساسية=Essential teaching skills
250 _aط1
264 3 1 _aالعين:دار الكتاب الجامعي،2004
300 _a250ص
336 _atext
_btxt
_2rdacontent
337 _aunmediated
_bn
_2rdamedia
338 _avolume
_bnc
_2rdacarrier
650 4 _aالتدريس-إدارة الصف
_922393
999 _aA7940
_c11508
_d11508